000 00870nam a2200217Ia 4500
001 17770
005 20260319162437.0
008 260306s9999||||xx |||||||||||||| ||und||
041 _aESP
082 _a658.1552
_bA196
100 _aAvolio Alecchi, Beatrice Elcira
_eAUT
245 0 _aAdministración de costos:
_bcontabilidad y control
260 _c2018
300 _axii, 627 páginas :
_c27 cm.
650 _aGEN
654 _aCAN
856 _uhttps://itmsp.museknowledge.com/UCSP?url=https://www.ebooks7-24.com:443/?il=6206&pg=1
_zVersión digital
856 _uhttps://0u213t7r6-y-https-ebooks7--24-com.itmsp.museknowledge.com/biblioteca.aspx
_zVéase además: Base de datos Ebook7-24
856 _uhttps://0u20yt7qk-y-https-www-bibliotechnia-com-mx.itmsp.museknowledge.com/catalogo
_zVéase además: Base de datos BiblioTechnia
942 _cLIB
_dJUS
_fJUS
_2ddc
999 _c17770
_d17770